| 000 | 00426cam a2200169ua 4500 | ||
|---|---|---|---|
| 041 |
_aeng _h |
||
| 082 |
_a821 _bHEI/PR |
||
| 100 | _aHeine, . | ||
| 245 |
_aProse and Poetry / _cHeine. _hTextual Documents |
||
| 260 |
_aLondon : _bJ M Dent and Sons Ltd , _c1961. |
||
| 300 | _a380 ; . | ||
| 440 | 0 |
_aEveryman`s library, _v911 _x; |
|
| 490 | 0 |
_aEveryman`s library, _v911 _x; |
|
| 504 | _a | ||
| 942 | _cBK | ||
| 999 |
_c851 _d851 |
||